|
|
|
|
| LEADER |
00000nam0a2200000 4500 |
| 001 |
78275 |
| 005 |
20231031093755.0 |
| 010 |
|
|
|a 5934069160
|
| 035 |
|
|
|a (RuTPU)RU\TPU\book\83889
|
| 090 |
|
|
|a 78275
|
| 100 |
|
|
|a 20050615d2005 k y0rusy50 ca
|
| 101 |
0 |
|
|a rus
|
| 102 |
|
|
|a RU
|
| 105 |
|
|
|a a z 001zy
|
| 200 |
1 |
|
|a Шлифование абразивными лентами с постоянной силой прижима
|f Л. С. Соколова
|
| 210 |
|
|
|a Москва
|c Компания Спутник+
|d 2005
|
| 215 |
|
|
|a 145 с.
|c ил.
|
| 320 |
|
|
|a Библиогр.: с. 144-145/
|
| 330 |
|
|
|a Экспериментально и теоретически исследован процесс ленточного шлифования с постоянной силой прижима лопаточных конструкционных материалов. Создана математическая модель процесса, выходными параметрами которой являются режущая способность абразивной ленты и глубина резания. Приведены результаты исследования состояния поверхностного слоя обработанной лентами поверхности и электроннозондовые исследования состояния режущей поверхности абразивных лент. Исследованы возможности и установлены законы для поддержания глубины резания на заданном уровне. Разработана рациональная технология ленточного шлифования. Результаты работы могут быть использованы для создания нормативных материалов по безразмерному ленточному шлифованию лопаток турбомашин, а общие методические подходы могут оказаться полезными при разработке технологии ленточного шлифования различных изделий из разных обрабатываемых материалов и конструировании оборудования для обработки абразивными лентами.
|
| 610 |
1 |
|
|a металлообработка
|
| 610 |
1 |
|
|a шлифование
|
| 610 |
1 |
|
|a ленточное шлифование
|
| 610 |
1 |
|
|a абразивные ленты
|
| 610 |
1 |
|
|a режущие свойства
|
| 610 |
1 |
|
|a конструкционные материалы
|
| 610 |
1 |
|
|a резание
|
| 610 |
1 |
|
|a глубина
|
| 610 |
1 |
|
|a поверхностный слой
|
| 675 |
|
|
|a 621.922.024
|v 3
|
| 700 |
|
1 |
|a Соколова
|b Л. С.
|g Людмила Сергеевна
|
| 801 |
|
1 |
|a RU
|b 63413507
|c 20050615
|g PSBO
|
| 801 |
|
2 |
|a RU
|b 63413507
|c 20060825
|g PSBO
|
| 942 |
|
|
|c BK
|